| 000 | 01498nam a2200301 a 4500 | ||
|---|---|---|---|
| 001 | 000026059 | ||
| 005 | 20240305140748.0 | ||
| 008 | 110228s1996 dr a 000 0 spa d | ||
| 040 |
_aDO-SdBNP _bspa _cBNPHU |
||
| 082 |
_a270.092 _bC389o |
||
| 100 | 1 |
_aCedeño de la Cruz, Livio Mariano, _d1953- _953000 |
|
| 245 | 1 | 0 |
_aObispos higueyanos / _cLivio Mariano Cedeño ; prólogo Teófilo Lappot Robles. |
| 260 |
_aSanto Domingo : _bEl Nuevo Diario, _c1996. |
||
| 300 |
_a108 p. : _bil. ; _c21 cm. |
||
| 500 | _aVigésimoprimer aniversario del periódico EL COMETA | ||
| 500 | _aIncluye datos biográficos del autor en la contracubierta. | ||
| 505 | 0 |
_gPrólogo / _rTeófilo Lappot Robles -- _tHiguey aporta tres obispos a la Iglesia Católica dominicana -- _tObispos nacidos en Higuey -- _tDiócesis de Nuestra Señora de la Altagracia -- _tEl 15 de agosto en Higuey -- _tZona turística nº3 Macao-Punta Cana -- _tCapillas católicas en hoteles -- _gAnexos. |
|
| 590 | _aInventariado, 2018/ YL | ||
| 600 | 1 | 4 |
_aPEPÉN SOLIMÁN, JUAN FÉLIX, _d1920- _953001 |
| 600 | 1 | 0 |
_a Rosa y Carpio, Ramón Benito de la, _d1939- _974159 |
| 600 | 1 | 4 |
_aCEDANO CEDANO, PABLO, _d1936- _953003 |
| 650 | 4 |
_aIglesia católica _xGobierno _zRepública Dominicana _953004 |
|
| 650 | 4 |
_aObispos _933115 |
|
| 650 | 4 |
_aDiócesis _xHistoria _953005 |
|
| 651 | 4 |
_aHigüey (República Dominicana{Rpara} _xHistoria Local _926822 |
|
| 700 | 1 |
_aLappot Robles, Teófilo, _d1957- _epról. _974151 |
|
| 910 | _aValidado. Control de calidad EMS | ||
| 999 |
_c25551 _d25551 |
||